Every 6LACK Song on the Billboard Hot 100 - Statistics

General Stats
  • This quiz has been taken 48 times
    19 since last reset
  • The average score is 3 of 6
Answer Stats
# Year Song % Correct
72 2017 Prblms
78%
76 2018 Pretty Little Fears ft. J. Cole
72%
3 2021 Calling My Phone (Lil Tjay)
50%
57 2018 OTW (Khalid & Ty Dolla $ign)
44%
75 2020 Know My Rights ft. Lil Baby
17%
73 2020 Stay Down (Lil Durk & Young Thug)
11%
No matching quizzes found
Score Distribution
Percent of People with Each Score
Percentile by Number Answered
Your Score History
You have not taken this quiz since the last reset